000 00255nam a22001217a 4500
008 181218b xxu||||| |||| 00| 0 eng d
041 _aeng
080 _a510
100 _a36
101 _aMAT
245 _aSacred Geometry
_cSkinner, S
942 _2udc
_cBK
999 _c53422
_d53422